00345nam a2200133Ia 4500008004100000041000800041082001500049100001600064245004500080250001400125260002700139300003300166365001200199240624s9999 xx 000 0 und d aeng a332.64 BIN aBINGHAM N H aRISK NEUTRAL VALUATION PRICING AND HEDGI a(2nd ed.) c2004aLondonbSpringer axviii, : 437 : p. : cm. ; 24 cERUb26